A study of the soils of the United States. (Record no. 8154)

MARC details
000 -LEADER
fixed length control field 00723cam a22002411 4500
001 - CONTROL NUMBER
control field agr12002015
003 - CONTROL NUMBER IDENTIFIER
control field DLC
005 - DATE AND TIME OF LATEST TRANSACTION
control field 20260227110934.0
008 - FIXED-LENGTH DATA ELEMENTS--GENERAL INFORMATION
fixed length control field 790313s1912 xx 000 0 eng
010 ## - LIBRARY OF CONGRESS CONTROL NUMBER
LC control number agr12002015
035 ## - SYSTEM CONTROL NUMBER
System control number (OCoLC)4735947
040 ## - CATALOGING SOURCE
Original cataloging agency DLC
Transcribing agency OCl
Modifying agency DLC
042 ## - AUTHENTICATION CODE
Authentication code premarc
050 00 - LIBRARY OF CONGRESS CALL NUMBER
Classification number S591
Item number .A12 no. 85
051 ## - LIBRARY OF CONGRESS COPY, ISSUE, OFFPRINT STATEMENT
Classification number S599.U5
Item number C7
Copy information Copy 2.
100 1# - MAIN ENTRY--PERSONAL NAME
Personal name Coffey, George Nelson,
Dates associated with a name 1875-
245 02 - TITLE STATEMENT
Title A study of the soils of the United States.
260 ## - PUBLICATION, DISTRIBUTION, ETC.
Place of publication, distribution, etc. Washington,
Name of publisher, distributor, etc. Govt. Print. Off.,
Date of publication, distribution, etc. 1912.
300 ## - PHYSICAL DESCRIPTION
Extent 114 p.
Other physical details fold. map. (in pocket)
Dimensions 23 cm.
410 10 - SERIES STATEMENT/ADDED ENTRY--CORPORATE NAME [OBSOLETE, CAN/MARC], [LOCAL, USA]
Corporate name or jurisdiction name as entry element United States.
Subordinate unit Bureau of Soils.
Title of a work Bulletin
Volume number/sequential designation no. 85
504 ## - BIBLIOGRAPHY, ETC. NOTE
Bibliography, etc. note Bibliography: p. 100-114.
650 #0 - SUBJECT ADDED ENTRY--TOPICAL TERM
Topical term or geographic name entry element Soils
Geographic subdivision United States.

No items available.

Powered by Koha